000 00506nam a2200193Ia 4500
005 20250508154244.0
008 008 250505s9999 xx 000 0 eng d
037 _aTextual
040 _aFEDL
_beng
_cFEDL
041 _aeng
_2eng
084 _a301, BOW
_qFEDL
100 _aBowles Chester
245 0 _aMakings of a just society
260 _aDelhi, India
_bUniversity of Delhi
_c1963
300 _a120p
650 _aSociology
942 _cTEXL
_h301, BOW
999 _c1349170
_d1349170